00747nam a2200205 a 450000100100000000500170001000800410002702000150006804000250008308200130010810000280012124500710014926000480022030000210026849000240028950000700031383000300038395201110041399900170052400004190520201002035825.0131021s2003 pr 000 0 spa d a1932271228 aDO-SdBNPbspacBNPHU axxxbxxx1 aCancel, Mario R.96879810aAnti-figuraciones :bbocetos puertorriqueños /cMario R. Cancel. aSan Juan, Puerto Rico :bIsla Negra,c2003. a176 p. ;c22 cm.1 aVisiones y cegueras aIncluye datos biografícos del autor en la solapa de la portada. 0aVisiones y cegueras91120 001050718MOaPDbPDcCTd2013-10-21iLF1l0oxxx xxxp41905-10r2020-06-25w2020-06-25y1ZNo se presta c41394d41394